Memorias del proceso electoral federal de 1991 : resultados de la elección de representantes a la Asamblea del Distrito Federal /

Guardado en:
Detalles Bibliográficos
Autor corporativo: Instituto Federal Electoral (México)
Formato: Libro
Idioma:Español
Publicado: México : Instituto Federal Electoral, 1993, c1993
Temas:
Etiquetas: Agrega una etiqueta
Sin etiquetas, Sé el primero en etiquetar este registro!

MARC

LEADER 00000nam^a2200000^a^4500
001 000051219
005 20250521000000.0
009 20260310090312.514
020 |a 968-6581-40-5 
037 |a Acervo ITESO - Biblioteca 
041 |a ESP 
082 |a 324. 9720639  |b MEX V. 4-8 
110 |a Instituto Federal Electoral (México) 
245 1 0 |a Memorias del proceso electoral federal de 1991 :  |b resultados de la elección de representantes a la Asamblea del Distrito Federal /  |c IFE. 
264 4 |a México :  |b Instituto Federal Electoral,  |c 1993, c1993 
300 |a 42 p. 
336 |a texto  |b txt  |2 rdacontenido 
337 |a sin mediación  |b n  |2 rdamedio 
338 |a volumen  |b nc  |2 rdasoporte 
649 |a XX 
650 |a Elecciones -  |z México -  |x Historia -  |y 1988-1994 
650 |a Elecciones -  |z México (D.F.) 
650 |a Sistema Electoral -  |z México 
650 |a Proceso Político -  |z México 
650 |a Política 
910 |a Fondo General 
920 |a Impresos - Libros 
930 |a Colección General 
905 |a 101 
901 |a 0500008337  |b IT1  |c ACC  |u 20250521 
902 |a https://opac.biblio.iteso.mx/vufind/Record/000051219